000 00285nam a2200085Ia 4500
245 0 _aFrequently asked questions about budgeting and money management
100 _a MONTEVERDE, Matthew New York, NY, 2009 1st ed
_976393
942 _cBK
008 210817s9999 xx 000 0 und d
999 _c270771
_d270770